|
|
|
|
| LEADER |
00000naa2a2200000 4500 |
| 001 |
253274 |
| 005 |
20231031214324.0 |
| 035 |
|
|
|a (RuTPU)RU\TPU\book\275660
|
| 035 |
|
|
|a RU\TPU\book\275648
|
| 090 |
|
|
|a 253274
|
| 100 |
|
|
|a 20140312d2012 k y0rusy50 ca
|
| 101 |
0 |
|
|a eng
|
| 102 |
|
|
|a RU
|
| 200 |
1 |
|
|a Experimental facility for the research erection torque motor with band winding
|f O. Yu. Ekimova, K. A. Zyl
|g науч. рук. A. G. Ivanova ; науч. рук. G. V. Shvalova
|
| 225 |
1 |
|
|a Electrical Engineering and Electronics
|
| 320 |
|
|
|a Библиогр.: с. 133 (3 назв.)
|
| 463 |
|
1 |
|0 (RuTPU)RU\TPU\book\269457
|t Электронные приборы, системы и технологии
|o сборник научных трудов II Всероссийской научно-практической конференции студентов, аспирантов и молодых ученых, Томск, 22-27 октября 2012 г.
|f Национальный исследовательский Томский политехнический университет (ТПУ)
|v C. 130-133
|d 2012
|p 151 с.
|
| 610 |
1 |
|
|a труды учёных ТПУ
|
| 610 |
1 |
|
|a экспериментальные установки
|
| 610 |
1 |
|
|a ток
|
| 610 |
1 |
|
|a двигатели
|
| 610 |
1 |
|
|a роторы
|
| 610 |
1 |
|
|a статоры
|
| 610 |
1 |
|
|a электрические контакты
|
| 610 |
1 |
|
|a электромагнитные двигатели
|
| 700 |
|
1 |
|a Ekimova
|b O. Yu.
|
| 701 |
|
1 |
|a Zyl
|b K. A.
|
| 702 |
|
1 |
|a Ivanova
|b A. G.
|c specialist in the field of precision engineering
|c Engineer of Tomsk Polytechnic University
|f 1989-
|g Antonina Gennadievna
|2 stltpush
|4 727
|
| 702 |
|
1 |
|a Shvalova
|b G. V.
|c Linguist
|c Senior Lecturer at Tomsk Polytechnic University
|f 1956-
|g Galina Vasilyevna
|2 stltpush
|4 727
|
| 801 |
|
1 |
|a RU
|b 63413507
|c 20140227
|
| 801 |
|
2 |
|a RU
|b 63413507
|c 20160621
|g RCR
|
| 942 |
|
|
|c BK
|